Word Ladder: Classic 20th Century Novel Quiz Stats

 Plays Quiz Updated Oct 26, 2015

Challenge
Share
Tweet
Embed
Score 0/28 Timer 02:00
1 Play Today
Hint 3-Letter Word % Correct
● No longer young ●● OLD ●
99.5%
Nocturnal bird that gives a hootOWL
97%
Be in debt toOWE
96.6%
● Adult male ●● MAN ●
95.8%
Metal-bearing mineralORE
93.1%
● What '&' means ●● AND ●
91.3%
Shade of brownTAN
88.7%
Unwanted picnic guestANT
88%
10th-anniversary metalTIN
86.7%
Chicago airport codeORD
86.5%
Explosive initialsTNT
85.2%
Liquor flavored with juniper berriesGIN
82.4%
Feminine pronounSHE
82.3%
Subject of a 1973 crisisOIL
82.1%
Hint 3-Letter Word % Correct
Come to the rescueAID
81.6%
Cartographer's constructionMAP
81.5%
Day care attendeeTOT
77.4%
Digit that gets stubbedTOE
77.3%
To be under the weatherAIL
76.8%
Hodges of the DodgersGIL
73.4%
● Alphabetizers often ignore it ●● THE ●
73.3%
Place to get a massageSPA
69%
Look through a keyholeSPY
67%
Withdrawn; not quite enoughSHY
65.5%
● Partially enclosed portion of ocean ●● SEA ●
65%
Its head is often in a bucketMOP
55.4%
Pioneering ISPAOL
54.1%
Symbol for basic chemistry unitMOL
44.7%

Today's Daily Dose

Word Ladder
Aquatic Life

On This Day
August 21st II

You're not logged in!

Compare scores with friends on all Sporcle quizzes.
Join for Free
OR
Log In

You Might Also Like...

Show Comments

Extras

Top Quizzes Today


Score Distribution

Your Account Isn't Verified!

In order to create a playlist on Sporcle, you need to verify the email address you used during registration. Go to your Sporcle Settings to finish the process.

Report this User

Report this user for behavior that violates our Community Guidelines.

Details: